000 01157nam a2200325 i 4500
003 EG-GICUC
005 20260121101442.0
008 251208s2006 ua bd||fr|||| 000 0 ara d
017 _a2006/15038
020 _a977-5160-97-9
040 _a EG-GICUC
_bara
_c EG-GICUC
_d EG-GICUC
_erda
041 0 _aara
082 0 4 _221
_a343.5
_bم ح , ش
092 0 4 _221
099 _aLaw 1 10 343.5 م ح , ش 2006
100 0 _aمحمود صالح العادلي
_eمؤلف.
245 1 2 _aالشرعية الدولية في ظل النظام العالمي الجديد /
_cدكتور محمود صالح العادلي.
264 1 _aالإسكندرية:
_bدار الفكر الجامعي,
_c2006.
300 _a312 : صفحة
_bخرائط، جداول ؛
_c24 سم
336 _2rda content
_atext
337 _2rda media
_aComputer
338 _2rda carrier
_aOnline Resource
500 _aيشتمل على ملاحق.
546 _aالنص باللغة العربية
650 1 4 _aالقانون الجنائي
651 1 _2qrmak
856 4 0 _uhttps://fll.law.cu.edu.eg/fulltext/bks/B10-06688.pdf
905 _a79
942 _2ddc
_cBK
_e21
_n0
999 _c49140
_d49140